000 00439nam a2200157Ia 4500
008 231217s9999 xx 000 0 und d
020 _a800000000000
041 _aEnglish
082 _a001.6424BAS RAT;1 R
100 _aRational (e-development company)
245 0 _aRational test script services for visual basic
260 _c2000
_bRational Company
_aUS
300 _a222
650 _aRational,script,visual,basic
942 _cAA
999 _c182219
_d182219